[Event "Montreal Pere Noel op"]
[Site "Montreal"]
[Date "2022.12.28"]
[Round "3"]
[White "Chiku Ratte, Olivier Kenta"]
[Black "Sambuev, Bator"]
[Result "0-1"]
[WhiteElo "2338"]
[BlackElo "2410"]
[PlyCount "78"]
[EventDate "2022.12.27"]
[EventType "swiss"]
[EventRounds "5"]
[EventCountry "CAN"]
[SourceTitle "CBM 211 Extra"]
[Source "ChessBase"]
[SourceDate "2023.01.31"]
[SourceVersion "1"]
[SourceVersionDate "2023.01.31"]
[SourceQuality "1"]

1. d4 Nf6 2. c4 e6 3. Nf3 d5 4. g3 c6 5. Bg2 dxc4 6. Ne5 Bb4+ 7. Bd2 Be7 8. Bc3 b5 9. a4 b4 10. Bd2 0-0 11. e3 a5 12. Nxc4 Ba6 13. b3 Nbd7 14. Bxc6 Rc8 15. Bg2 e5 16. 0-0 exd4 17. exd4 Bxc4 18. bxc4 Rxc4 19. Qe2 Nb6 20. Be3 Nfd5 21. Bxd5 Qxd5 22. Nd2 Rc3 23. Qa6 Bd8 24. Rfe1 h5 25. h4 Bc7 26. Qb5 Qxb5 27. axb5 Ra8 28. Ne4 Rc4 29. Nc5 a4 30. Na6 b3 31. Reb1 Bd6 32. Nc5 Rb4 33. Ne4 Be7 34. Nc3 Rc8 35. d5 Rxc3 36. Bxb6 Rxb5 37. Be3 a3 38. Bd4 Rd3 39. Re1 Rxd4 0-1

[Event "Montreal Pere Noel op"]
[Site "Montreal"]
[Date "2022.12.27"]
[Round "1"]
[White "Chiku Ratte, Olivier Kenta"]
[Black "Singher, Jean Pierre"]
[Result "1-0"]
[WhiteElo "2338"]
[BlackElo "1934"]
[PlyCount "77"]
[EventDate "2022.12.27"]
[EventType "swiss"]
[EventRounds "5"]
[EventCountry "CAN"]
[SourceTitle "CBM 211 Extra"]
[Source "ChessBase"]
[SourceDate "2023.01.31"]
[SourceVersion "1"]
[SourceVersionDate "2023.01.31"]
[SourceQuality "1"]

1. Nf3 c5 2. e4 Nc6 3. Bb5 g6 4. Bxc6 dxc6 5. h3 e5 6. d3 Bg7 7. b3 Nf6 8. Bb2 Nh5 9. g3 Qc7 10. Nbd2 0-0 11. Nc4 f5 12. Qe2 b5 13. Ncd2 a5 14. a4 Be6 15. Ng5 Bd7 16. exf5 Rxf5 17. Nge4 Raf8 18. Qe3 Nf4 19. Qxc5 Ne6 20. Qe3 Nd4 21. Bxd4 exd4 22. Qe2 Be6 23. f4 Bd5 24. 0-0 g5 25. fxg5 Rxg5 26. Rxf8+ Bxf8 27. Nxg5 Qxg3+ 28. Kf1 Qxg5 29. Qg4 Qxg4 30. hxg4 Bb4 31. Ke2 Kg7 32. Rf1 Kg6 33. Nf3 bxa4 34. bxa4 Bxf3+ 35. Kxf3 h5 36. gxh5+ Kxh5 37. Ke4 c5 38. Rf6 Kg5 39. Rc6 1-0

[Event "CAN-ch Int"]
[Site "Contrecoeur"]
[Date "2022.10.09"]
[Round "5"]
[White "Kot, Emanuel"]
[Black "Chiku Ratte, Olivier Kenta"]
[Result "0-1"]
[WhiteElo "1911"]
[BlackElo "2342"]
[PlyCount "106"]
[EventDate "2022.10.07"]
[EventType "swiss"]
[EventRounds "5"]
[EventCountry "CAN"]
[SourceTitle "CBM 210 Extra"]
[Source "ChessBase"]
[SourceDate "2022.11.30"]
[SourceVersion "1"]
[SourceVersionDate "2022.11.30"]
[SourceQuality "1"]

1. e4 c6 2. d4 d5 3. Nc3 dxe4 4. Nxe4 Nf6 5. Nxf6+ exf6 6. c3 Bf5 7. Bd3 Bxd3 8. Qxd3 Bd6 9. Qe2+ Qe7 10. Qxe7+ Bxe7 11. Bf4 Nd7 12. 0-0-0 0-0 13. Nf3 Nb6 14. Rhe1 Rfe8 15. Re2 Nd5 16. Bd2 Bf8 17. Rde1 Red8 18. Kc2 b5 19. Ra1 Nb6 20. Bf4 Rac8 21. b3 Nd5 22. Bd2 c5 23. dxc5 Rxc5 24. Kb2 Rdc8 25. Rc1 g6 26. Ne1 f5 27. Nd3 R5c6 28. Nf4 Nf6 29. f3 Bg7 30. a3 g5 31. Nd3 Rd6 32. Nb4 h6 33. Nc2 Nd7 34. Nd4 Rd5 35. Be1 a5 36. Rd2 b4 37. axb4 axb4 38. Ne2 bxc3+ 39. Nxc3 Nb6 40. Rxd5 Nxd5 41. b4 Nf4 42. Rd1 Nxg2 43. Bd2 Nh4 44. Rf1 g4 45. fxg4 fxg4 46. Kb3 Nf3 47. Nb1 Nxh2 48. Rh1 Nf3 49. Bxh6 Bxh6 50. Rxh6 Kg7 51. Rh1 g3 52. Rh3 Nd4+ 53. Ka3 Ne2 0-1

[Event "CAN-ch Int"]
[Site "Contrecoeur"]
[Date "2022.10.08"]
[Round "3"]
[White "Liang, Jason"]
[Black "Chiku Ratte, Olivier Kenta"]
[Result "1-0"]
[WhiteElo "2478"]
[BlackElo "2342"]
[PlyCount "103"]
[EventDate "2022.10.07"]
[EventType "swiss"]
[EventRounds "5"]
[EventCountry "CAN"]
[SourceTitle "CBM 210 Extra"]
[Source "ChessBase"]
[SourceDate "2022.11.30"]
[SourceVersion "1"]
[SourceVersionDate "2022.11.30"]
[SourceQuality "1"]

1. e4 c6 2. d4 d5 3. e5 Bf5 4. Nd2 e6 5. Nb3 a6 6. h4 h5 7. Be2 Be4 8. Nf3 Bxf3 9. Bxf3 g6 10. Bg5 Qc7 11. Qd2 Nd7 12. 0-0 Nh6 13. g3 Nf5 14. Bg2 Bg7 15. c3 0-0 16. Rfe1 a5 17. Nc1 c5 18. Ne2 a4 19. Bh3 Rfe8 20. Nf4 cxd4 21. cxd4 Nxd4 22. Qxd4 Nxe5 23. Qd1 a3 24. b3 Qd6 25. Rc1 Nc6 26. Nd3 b6 27. Bg2 Rac8 28. Be3 Nb4 29. Qe2 Nxd3 30. Qxd3 Bb2 31. Rxc8 Rxc8 32. Re2 Qc6 33. Kh2 b5 34. Bd4 Qc1 35. Be3 Qa1 36. Bh3 Kg7 37. Qxb5 Rc7 38. Qa5 Rd7 39. b4 Bf6 40. Qxa3 d4 41. Qd3 Rd5 42. Bf4 Qc3 43. Qxc3 dxc3 44. Rc2 Rd1 45. Bg2 Rb1 46. Bd6 Bd4 47. Bc5 e5 48. Bd5 f5 49. a4 Rd1 50. a5 Kf6 51. a6 Ra1 52. Ba2 1-0

[Event "Quebec op"]
[Site "Laval"]
[Date "2022.09.04"]
[Round "5"]
[White "Vera Gonzalez Quevedo, Reynaldo"]
[Black "Chiku Ratte, Olivier Kenta"]
[Result "0-1"]
[WhiteElo "2402"]
[BlackElo "2355"]
[PlyCount "134"]
[EventDate "2022.09.01"]
[EventType "swiss"]
[EventRounds "9"]
[EventCountry "CAN"]
[SourceTitle "CBM 210 Extra"]
[Source "ChessBase"]
[SourceDate "2022.11.30"]
[SourceVersion "1"]
[SourceVersionDate "2022.11.30"]
[SourceQuality "1"]

1. Nf3 d5 2. e3 Nf6 3. c4 e6 4. Nc3 c6 5. b3 Bd6 6. Bb2 0-0 7. d4 Nbd7 8. Qc2 Qe7 9. Be2 b6 10. 0-0 Bb7 11. Rad1 Rfe8 12. e4 dxe4 13. Nxe4 Nxe4 14. Qxe4 Nf6 15. Qc2 c5 16. dxc5 Bxc5 17. Ng5 e5 18. Bh5 g6 19. Bf3 Bxf3 20. Nxf3 e4 21. Rfe1 Ng4 22. Bd4 Bxd4 23. Rxd4 f5 24. h3 Nf6 25. Qd2 Qc7 26. Ng5 Rad8 27. Rd1 Rxd4 28. Qxd4 Qe7 29. h4 e3 30. fxe3 Qxe3+ 31. Qxe3 Rxe3 32. Rd6 Kg7 33. Re6 Ng4 34. Rxe3 Nxe3 35. Ne6+ Kf6 36. Nd4 a6 37. Kf2 Nd1+ 38. Kf3 Nc3 39. a4 Ne4 40. Ke3 Nc5 41. b4 Nxa4 42. Nc6 Ke6 43. Kd4 Nb2 44. c5 bxc5+ 45. bxc5 Nd1 46. Nd8+ Kd7 47. Nb7 f4 48. Ke4 Kc6 49. Na5+ Kxc5 50. Kxf4 h6 51. g3 Kd5 52. Nb3 Nc3 53. g4 Ne4 54. Na5 Nd6 55. Nb3 Nc4 56. g5 h5 57. Nc1 Nd6 58. Na2 a5 59. Nc3+ Kd4 60. Ne2+ Kd3 61. Nc1+ Kc2 62. Ne2 Nf5 63. Ke5 a4 64. Nf4 Nxh4 65. Nd5 a3 66. Nb4+ Kb3 67. Nd3 a2 0-1

[Event "Quebec op"]
[Site "Laval"]
[Date "2022.09.02"]
[Round "2"]
[White "Robichaud, Louis"]
[Black "Chiku Ratte, Olivier Kenta"]
[Result "1-0"]
[WhiteElo "2026"]
[BlackElo "2355"]
[PlyCount "177"]
[EventDate "2022.09.01"]
[EventType "swiss"]
[EventRounds "9"]
[EventCountry "CAN"]
[SourceTitle "CBM 210 Extra"]
[Source "ChessBase"]
[SourceDate "2022.11.30"]
[SourceVersion "1"]
[SourceVersionDate "2022.11.30"]
[SourceQuality "1"]

1. e4 c6 2. d3 d5 3. Bd2 e5 4. Nf3 Bd6 5. Nc3 Nf6 6. g3 0-0 7. Bg2 d4 8. Ne2 Re8 9. 0-0 a5 10. h3 a4 11. Ne1 a3 12. b3 c5 13. f4 Nc6 14. f5 b5 15. g4 Ba6 16. Ng3 Nd7 17. g5 c4 18. f6 g6 19. h4 Nc5 20. h5 Ra7 21. Qg4 Ne6 22. Ne2 Bc8 23. Qh4 cxb3 24. cxb3 Nf8 25. hxg6 fxg6 26. Bh3 Rf7 27. Bxc8 Qxc8 28. Rc1 Qd7 29. Nf3 Bb4 30. Rc2 Bc3 31. Bxc3 dxc3 32. Nxc3 Nd4 33. Nxd4 Qxd4+ 34. Rff2 Rc8 35. Nxb5 Qa1+ 36. Kh2 Rxc2 37. Rxc2 Qd1 38. Nxa3 Qxd3 39. Rf2 h6 40. gxh6 Kh7 41. Nc4 Nd7 42. Qh3 Qxe4 43. Qe6 Qh4+ 44. Kg1 Qg3+ 45. Kf1 Qd3+ 46. Ke1 Qb1+ 47. Ke2 Qe4+ 48. Ne3 Qd3+ 49. Kxd3 Nc5+ 50. Kc4 Nxe6 51. Kd5 Ng5 52. Kxe5 Rf8 53. Nd5 Nf7+ 54. Ke6 Nxh6 55. Rh2 Ra8 56. Ne7 Ra6+ 57. Ke5 Ra5+ 58. Nd5 Ra8 59. b4 g5 60. Ne7 Re8 61. Kd6 Rf8 62. Ke6 Rb8 63. Nf5 Rb6+ 64. Ke7 Rb7+ 65. Kd8 Kg6 66. Nxh6 Kxf6 67. Rb2 Rh7 68. Ng4+ Kf5 69. Ne3+ Ke4 70. Ng2 Kd4 71. b5 Kc5 72. a4 Rh8+ 73. Ke7 Ra8 74. b6 Kc6 75. a5 Kb7 76. Rb5 g4 77. Rg5 g3 78. Nf4 Kc6 79. Ne6 Kb7 80. Nc7 Rh8 81. Rxg3 Rh6 82. Ra3 Rc6 83. Kd7 Rc1 84. a6+ Kxb6 85. Rb3+ Kc5 86. a7 Rd1+ 87. Kc8 Kc4 88. Rh3 Ra1 89. Kb7 1-0

[Event "Canadian-ch op"]
[Site "Hamilton"]
[Date "2022.07.16"]
[Round "7"]
[White "Chiku Ratte, Olivier Kenta"]
[Black "Ortiz Suarez, Isan Reynaldo"]
[Result "1-0"]
[WhiteElo "2347"]
[BlackElo "2526"]
[PlyCount "91"]
[EventDate "2022.07.12"]
[EventType "swiss"]
[EventRounds "9"]
[EventCountry "CAN"]
[SourceTitle "CBM 209 Extra"]
[Source "ChessBase"]
[SourceDate "2022.09.30"]
[SourceVersion "1"]
[SourceVersionDate "2022.09.30"]
[SourceQuality "1"]

1. d4 Nf6 2. c4 c6 3. Nc3 d5 4. Nf3 e6 5. e3 Nbd7 6. Qc2 Bd6 7. b3 0-0 8. Bd3 b6 9. 0-0 Bb7 10. Bb2 Rc8 11. Rac1 Qe7 12. Rfd1 Rfe8 13. cxd5 exd5 14. Ne2 Ne4 15. Ng3 g6 16. Qe2 h5 17. Ne1 Ndf6 18. Nf1 Rc7 19. f3 Ng5 20. Qf2 Qd8 21. Bb1 Rce7 22. Nd3 Nd7 23. Bc3 Re6 24. Re1 Bf8 25. Nf4 Rf6 26. Qg3 Rd6 27. Nxh5 Be7 28. Nf4 Nh7 29. Qf2 Bh4 30. g3 Bf6 31. h4 g5 32. hxg5 Nxg5 33. Kg2 Bg7 34. g4 Nf8 35. Ng3 Bc8 36. Bb4 Rh6 37. Rh1 Nfe6 38. Rxh6 Bxh6 39. Nxe6 Rxe6 40. Nf5 Nh7 41. Rh1 Bf8 42. Rxh7 Kxh7 43. Bxf8 Qxf8 44. Qh4+ Kg8 45. Ne7+ Kg7 46. Qh7+ 1-0

[Event "Francophonie-ch 8th"]
[Site "Casablanca"]
[Date "2022.07.08"]
[Round "9"]
[White "Chiku Ratte, Olivier Kenta"]
[Black "Dornbusch, Tatiana"]
[Result "0-1"]
[WhiteElo "2347"]
[BlackElo "2247"]
[PlyCount "82"]
[EventDate "2022.07.02"]
[EventType "swiss"]
[EventRounds "9"]
[EventCountry "MAR"]
[SourceTitle "EXT 2023"]
[Source "ChessBase"]
[SourceDate "2022.10.05"]
[SourceVersion "1"]
[SourceVersionDate "2022.10.05"]
[SourceQuality "1"]

1. d4 Nf6 2. c4 c5 3. d5 b5 4. Qc2 g6 5. e4 d6 6. Nc3 b4 7. Nd1 Bg7 8. Bd3 0-0 9. Ne2 Nbd7 10. f4 e5 11. dxe6 fxe6 12. 0-0 Bb7 13. Ne3 Qc7 14. Bd2 Qc6 15. Ng3 Kh8 16. Rf2 a5 17. Raf1 Rae8 18. Qd1 Ng8 19. Bc1 Bd4 20. Qg4 Qc8 21. Qh3 Kg7 22. Ne2 Ndf6 23. Nxd4 cxd4 24. Nc2 Nxe4 25. Re2 Nc5 26. Qg3 e5 27. fxe5 Rxf1+ 28. Kxf1 Nxd3 29. Qxd3 dxe5 30. Nxd4 Qd7 31. Qe3 Rf8+ 32. Nf3 e4 33. Rd2 Qc6 34. Qd4+ Rf6 35. Qd7+ Kf8 36. Qxh7 Qxc4+ 37. Kf2 Bd5 38. Rxd5 Qxd5 39. Bh6+ Nxh6 40. Qxh6+ Kg8 41. Qh4 Kg7 0-1

[Event "Francophonie-ch 8th"]
[Site "Casablanca"]
[Date "2022.07.05"]
[Round "6"]
[White "Boudriga, Mohamed Ali"]
[Black "Chiku Ratte, Olivier Kenta"]
[Result "0-1"]
[WhiteElo "2308"]
[BlackElo "2347"]
[PlyCount "130"]
[EventDate "2022.07.02"]
[EventType "swiss"]
[EventRounds "9"]
[EventCountry "MAR"]
[SourceTitle "EXT 2023"]
[Source "ChessBase"]
[SourceDate "2022.10.05"]
[SourceVersion "1"]
[SourceVersionDate "2022.10.05"]
[SourceQuality "1"]

1. d4 Nf6 2. c4 g6 3. Nc3 Bg7 4. e4 d6 5. f3 0-0 6. Be3 Nc6 7. Qd2 a6 8. Nge2 Rb8 9. b3 b5 10. d5 Ne5 11. c5 c6 12. dxc6 Nxc6 13. cxd6 b4 14. Na4 Nxe4 15. fxe4 Bxa1 16. Qc1 Bc3+ 17. Nexc3 bxc3 18. Qxc3 Qxd6 19. Bh6 Qb4 20. Qxb4 Nxb4 21. Bxf8 Kxf8 22. Nc3 Be6 23. Kd2 Rd8+ 24. Kc1 Kg7 25. a3 Nc6 26. b4 a5 27. b5 Nd4 28. Kb2 Nb3 29. Na4 Nd4 30. Kc3 Bd7 31. Kxd4 Bxb5+ 32. Kc5 Bxa4 33. Ba6 Rd2 34. Kb6 Ra2 35. Kxa5 Rxa3 36. Kb4 Ra2 37. Bc4 Rc2 38. Rg1 Bc6 39. Bd3 Ra2 40. Kc5 Ba4 41. e5 Rd2 42. Be4 Bc2 43. Bf3 Bf5 44. Rd1 Rc2+ 45. Kd4 Ra2 46. Rc1 Ra7 47. Rc4 f6 48. exf6+ Kxf6 49. Rc3 e6 50. Ke3 Ke5 51. Rc5+ Kf6 52. Rc3 Bb1 53. h4 h6 54. g3 Ba2 55. Be4 g5 56. hxg5+ hxg5 57. Rc5 Ra3+ 58. Kf2 Rb3 59. Ra5 Rb2+ 60. Ke3 Bc4 61. Rc5 Re2+ 62. Kf3 g4+ 63. Kf4 e5+ 64. Rxe5 Rf2+ 65. Ke3 Kxe5 0-1